| 000 | 01526nam a2200373Ia 4500 | ||
|---|---|---|---|
| 001 | ebr10021697 | ||
| 003 | CaPaEBR | ||
| 006 | m u | ||
| 007 | cr cn||||||||| | ||
| 008 | 001108s2001 mdu sb 001 0 eng d | ||
| 010 | _z 00012361 | ||
| 020 | _z0801872871 | ||
| 020 | _z0801867207 (hardcover) | ||
| 040 |
_aCaPaEBR _cCaPaEBR |
||
| 035 | _a(OCoLC)70744466 | ||
| 050 | 1 | 4 |
_aTL796.5.U5 _bM37 2001eb |
| 082 | 0 | 4 |
_a629.4/068/1 _221 |
| 100 | 1 | _aMcCurdy, Howard E. | |
| 245 | 1 | 0 |
_aFaster, better, cheaper _h[electronic resource] : _blow-cost innovation in the U.S. space program / _cHoward E. McCurdy. |
| 260 |
_aBaltimore : _bJohns Hopkins University Press, _c2001. |
||
| 300 | _axiii, 173 p. | ||
| 490 | 1 | _aNew series in NASA history | |
| 504 | _aIncludes bibliographical references and index. | ||
| 533 |
_aElectronic reproduction. _bPalo Alto, Calif. : _cebrary, _d2013. _nAvailable via World Wide Web. _nAccess may be limited to ebrary affiliated libraries. |
||
| 610 | 1 | 0 |
_aUnited States. _bNational Aeronautics and Space Administration. |
| 650 | 0 |
_aAstronautics _zUnited States _xCost control. |
|
| 650 | 0 | _aOrganizational effectiveness. | |
| 650 | 0 |
_aAstronautics _xTechnological innovations. |
|
| 651 | 0 |
_aOuter space _xExploration _xCost control. |
|
| 655 | 7 |
_aElectronic books. _2local |
|
| 710 | 2 | _aebrary, Inc. | |
| 830 | 0 | _aNew series in NASA history. | |
| 856 | 4 | 0 |
_uhttp://site.ebrary.com/lib/rucke/Doc?id=10021697 _zAn electronic book accessible through the World Wide Web; click to view |
| 999 |
_c10380 _d10380 |
||